00658nam a2200193Ia 450000500170000000800410001704100120005808200110007010000170008124500660009825000080016426000420017250000140021465000480022870000200027694200080029695201410030499900190044520240913125831.0240913s9999||||xx |||||||||||||| ||und|| aENGLISH A612 Q5 aIndu Khurana 0aTextbook of Anatomy and Physiology : for Health Professionals a1st c215bCBS Publishers & Distributors Pv aREFERENCE aPerfusion TechnologybAllied Health Science a Arushi Khurana cREF 00104070aNICHELIBbNICHELIBcAnatomyd2017-10-31eEdumart, Thiruvananthapuraml0o612 Q5p76297r2024-09-13 12:58:31w2024-09-13yREF c246365d246365